A literatura, o bem que paga! (Record no. 1979)
[ view plain ]
| 000 -Etiqueta do registo | |
|---|---|
| Valores | 00788nam a2200265 4500 |
| 010 ## - Número ISBN | |
| ISBN | 9789895761678 |
| 021 ## - Número do Depósito Legal | |
| Código do país | Portugal |
| Número | 543484/25 |
| 100 ## - Dados gerais de processamento | |
| Dados gerais | 20251119d2025 m||y0pory50030103ba |
| 101 ## - Língua de publicação | |
| Língua | Português |
| 102 ## - País de publicação | |
| País | Portugal |
| 200 ## - Titulo e menção de responsabilidade | |
| Título próprio | A literatura, o bem que paga! |
| Primeira menção de responsabilidade | Antoine Compagnon |
| Outras menções de responsabilidade | trad. Sara Sousa Gomes |
| 205 ## - Menção da edição | |
| Edição | 1ª edição |
| 210 ## - Publicação | |
| Local de publicação | Lisboa |
| Nome do editor | Guerra e Paz |
| Data de publicação | 2025 |
| 215 ## - Descrição física | |
| Paginação / Volumes | 159 p. |
| Dimensões | 23 cm |
| 225 ## - Colecção | |
| Título próprio da colecção | Os livros não se rendem |
| 300 ## - Notas gerais | |
| Texto da nota | BMB-Registado |
| 304 ## - Nota relativa ao título | |
| Texto de nota | Tít. orig.: La littérature, —ca paye |
| 606 ## - Nome comum usado como assunto | |
| ID Autoridade | 2853 |
| Palavra de ordem | Critica a literaturas de línguas individuais |
| 675 ## - CDU | |
| Notação | 821.1/.8.09 |
| Edição | BMB |
| Língua | por |
| 700 ## - Autor principal (pessoa individual) | |
| Apelido | Compagnon |
| Nome | Antoine |
| Datas | 1950- |
| ID Autoridade | 2854 |
| 702 ## - Autor secundário (pessoa individual) | |
| Apelido | Gomes |
| Nome | Sara Sousa |
| Função | Tradutor |
| ID Autoridade | 2818 |
| 801 ## - Fonte de origem | |
| País | PT |
| Agência | BMB |
| Regras de catalogação | RPC |
| 990 ## - Elementos KOHA | |
| Tipo de documento | Livro |
| Situação do levantamento | Estado | Número | Biblioteca de origem | Código de barras | Cota | Permissão de empréstimo | Tipo de documento | Forma de aquisição |
|---|---|---|---|---|---|---|---|---|
| 1 | Biblioteca Municipal de Borba | 1928 | 821.1/.8.09 COM / LIT | Livro | Oferta |